Gaming Quiz

Random Gaming Quiz

Name the Super Smash Bros 4 characters Quiz Stats

Quiz not verified by Sporcle

Challenge
Share
Tweet
Embed
Score 0/53 Timer 10:00
0 Plays Today
Hint Answer % Correct
Mario
90.9%
Luigi
88.6%
Pikachu
86.4%
Bowser
86.4%
Donkey Kong
81.8%
Marth
81.8%
Ike
81.8%
Peach
81.8%
Jiggly Puff
81.8%
Zelda
81.8%
Diddy Kong
81.8%
Kirby
79.5%
Yoshi
79.5%
Charizard
79.5%
Ness
79.5%
Rob
79.5%
Link
79.5%
Samus
79.5%
Mewtwo
77.3%
Little Mac
77.3%
Pit
77.3%
Ganondorf
77.3%
Greninja
77.3%
Rosalina
75%
TWario
75%
Dark Pit
75%
Toon Link
75%
Hint Answer % Correct
King DeDeDe
75%
Fox
75%
Zero Suit Samus
75%
Shulk
75%
Lucas
72.7%
Sonic
72.7%
Sheik
72.7%
Meta Knight
72.7%
Duck Hunt
70.5%
Lucario
70.5%
Robin
70.5%
Lucina
70.5%
Falco
70.5%
Pac Man
68.2%
Dr. Mario
65.9%
Mega Man
65.9%
Wii Fit Trainer
65.9%
Palutena
65.9%
Villager
65.9%
Captain Falcon
65.9%
Bowser Jr
65.9%
Mii Brawler
56.8%
Mii Swordfighter
54.5%
Olimar
52.3%
Mii Gunner
50%
Mr.Game N Watch
36.4%

You're not logged in!

Compare scores with friends on all Sporcle quizzes.
Sign Up with Email
OR
Log In

You Might Also Like...

Show Comments

Extras

Top Quizzes Today


Score Distribution

Your Account Isn't Verified!

In order to create a playlist on Sporcle, you need to verify the email address you used during registration. Go to your Sporcle Settings to finish the process.

Report this User

Report this user for behavior that violates our Community Guidelines.

Details: